Využitie lignínu v polymérnych zmesiach : Obh. 26.5.1998 /

Salvato in:
Dettagli Bibliografici
Autore principale: Podstránska, Gabriela (Autore)
Natura: Manoscritto Libro
Lingua:slovacco
Pubblicazione: Bratislava : STU v Bratislave ChtF, 1998
Tags: Aggiungi Tag
Nessun Tag, puoi essere il primo ad aggiungerne!!

MARC

LEADER 00000ntm a22000003a 4500
001 stu33922
005 20150617225733.1
008 980916s1998----xo------------------slo-d
040 |a STU  |b slo 
041 0 |a slo 
044 |a xo 
100 1 |a Podstránska, Gabriela  |4 aut 
245 1 |a Využitie lignínu v polymérnych zmesiach :  |b Obh. 26.5.1998 /  |c [aut.]Podstránska,Gabriela 
260 |a Bratislava :  |b STU v Bratislave ChtF,  |c 1998 
300 |a 50 s :  |b Tab.,grafy,lit 
500 |a Zameranie: Chémia a technológia materiálov 
996 |b CD12676  |c C*D12676  |l CCI  |s A  |a 24  |w stu33922_0001